| 000 | 00845nam a22002177a 4500 | ||
|---|---|---|---|
| 999 |
_c12735 _d12735 |
||
| 003 | AR-CdUCM | ||
| 008 | 190410b ||||| |||| 00| 0 spa d | ||
| 040 |
_aMUNICIPALIDAD PROVINCIAL DEL CUSCO _cBIBLIOTECA MUNICIPAL DEL CUSCO |
||
| 082 |
_aC / 869.55 / _bA68 |
||
| 100 |
_aArestegui, Narciso _928122 |
||
| 245 |
_aEl ángel salvador : _bNovela de costumbres cuzqueñas / |
||
| 260 |
_aCusco : _bFestival del libro cusqueño. |
||
| 300 |
_a112 páginas ; _c16 cm. |
||
| 440 |
_aPrimer festival del libro cuzqueño _930760 |
||
| 505 | _aContenido : Las hermanas de espíritu -- La ida de Belen -- En que los diablos causan risa -- ¿Quien es? -- En que la escolta se retira reventado de cólera ... | ||
| 650 |
_aNovela _9572 |
||
| 650 |
_aCusqueña _928622 |
||
| 650 |
_aPeruana _925277 |
||
| 942 |
_2ddc _cLIBROS |
||
| 945 |
_arah _d10/04/2019 |
||